| 000 | 00540nam a22001937a 4500 | ||
|---|---|---|---|
| 005 | 20260408163158.0 | ||
| 008 | 260408b |||||||| |||| 00| 0 eng d | ||
| 020 | _a9789357463973 | ||
| 040 | _cAL | ||
| 041 | _aEnglish | ||
| 082 |
_a006.22 _bPECE |
||
| 100 |
_aJames K Peckol _9260948 |
||
| 245 |
_aEmbedded systems _b: A contemporary design tool |
||
| 250 | _a2 | ||
| 260 |
_aNew Delhi _bWiley India Pvt Ltd _c2024 |
||
| 650 |
_aEmbedded systems _9260949 |
||
| 650 |
_ahardware and software infrastructure _9260950 |
||
| 942 |
_2ddc _cBK |
||
| 999 |
_c241192 _d241192 |
||